50 States of Television Quiz Stats

 Plays Quiz Updated Apr 25, 2016

Challenge
Share
Tweet
Score 0/50 Timer 18:00
1 Play Today
% Correct
Family Guy
96.3%
That '70s Show
89.4%
Parks and Recreation
86.4%
Cheers
79.8%
Home Improvement
78%
30 Rock
75%
Grey's Anatomy
74.9%
Beverly Hills, 90210
74.5%
Gilmore Girls
73.3%
Duck Dynasty
71.9%
Hawaii Five-0
70.8%
The Sopranos
70.6%
3rd Rock from the Sun
69.4%
CSI: Crime Scene Investigation
68.8%
Murder, She Wrote
67.2%
Nashville
65.1%
The Walking Dead
63.8%
Reba
63.5%
The Good Wife
57.6%
Portlandia
54.2%
Fresh Off the Boat
47.3%
The Mary Tyler Moore Show
46.1%
The Wire
44.7%
The Goldbergs
44%
Newhart
43%
% Correct
Deadwood
41.9%
Last Man Standing
40.2%
Big Love
37.8%
In the Heat of the Night
36.2%
Northern Exposure
34.5%
Alice
34.4%
Roswell
32.7%
Justified
30.1%
American Pickers
29.1%
Blood & Oil
28.2%
The Vampire Diaries
27.7%
Hart of Dixie
25%
The Grinder
24.3%
United States of Tara
19.8%
Evening Shade
16.7%
Longmire
15.1%
Jamie Oliver's Food Revolution
10.1%
The Pretender
8.9%
The John Larroquette Show
6.7%
The Carmichael Show
6.6%
Trial & Error
4.9%
The Torkelsons
4.4%
Jumanji
3%
Caitlin's Way
1.8%
The Young Riders
1.8%

You're not logged in!

Compare scores with friends on all Sporcle quizzes.
Join for Free
OR
Log In

You Might Also Like...

Show Comments

Extras

Top Quizzes Today


Score Distribution

Your Account Isn't Verified!

In order to create a playlist on Sporcle, you need to verify the email address you used during registration. Go to your Sporcle Settings to finish the process.

Report this User

Report this user for behavior that violates our Community Guidelines.

Details: